[Event "Saint Louis SPICE Cup op 11th"]
[Site "Saint Louis"]
[Date "2017.10.25"]
[Round "8.16"]
[White "Rahul, Srivatshav P"]
[Black "Black, James A"]
[Result "1-0"]
[WhiteElo "2373"]
[BlackElo "2164"]
[PlyCount "67"]
[EventDate "2017.10.21"]
[EventType "swiss"]
[EventRounds "9"]
[EventCountry "USA"]
[SourceTitle "CBM 181 Extra"]
[Source "ChessBase"]
[SourceDate "2017.12.12"]
[SourceVersion "1"]
[SourceVersionDate "2017.12.12"]
[SourceQuality "1"]

1. Nf3 d5 2. g3 c6 3. Bg2 Bg4 4. d3 e6 5. 0-0 Nf6 6. Nbd2 Be7 7. e4 0-0 8. Re1 Na6 9. e5 Nd7 10. h3 Bh5 11. Nf1 c5 12. g4 Bg6 13. Ng3 Rc8 14. g5 Re8 15. h4 Nf8 16. Nh2 f5 17. exf6 gxf6 18. h5 Bf7 19. gxf6 Bxf6 20. Ng4 Bg7 21. Bh6 Bxh6 22. Nxh6+ Kg7 23. Ng4 Qg5 24. Ne5 Qf4 25. Re3 Nb8 26. Nxf7 Qxf7 27. Qg4+ Kh8 28. Rae1 Nc6 29. c3 Rcd8 30. h6 Re7 31. Nh5 Ng6 32. Rxe6 Nce5 33. R1xe5 Nxe5 34. Qg7+ 1-0

[Event "Saint Louis SPICE Cup op 11th"]
[Site "Saint Louis"]
[Date "2017.10.23"]
[Round "4"]
[White "Wang, Jason"]
[Black "Black, James A"]
[Result "0-1"]
[WhiteElo "2153"]
[BlackElo "2164"]
[PlyCount "116"]
[EventDate "2017.10.21"]
[EventType "swiss"]
[EventRounds "9"]
[EventCountry "USA"]
[SourceTitle "CBM 181 Extra"]
[Source "ChessBase"]
[SourceDate "2017.12.12"]
[SourceVersion "1"]
[SourceVersionDate "2017.12.12"]
[SourceQuality "1"]

1. d4 c5 2. d5 e5 3. e4 d6 4. Nc3 Be7 5. Nf3 Bg4 6. Be2 Bxf3 7. Bxf3 Bg5 8. Bxg5 Qxg5 9. Qe2 a6 10. a4 Ne7 11. g3 0-0 12. 0-0 Ng6 13. Bg2 Re8 14. Nd1 Nd7 15. Ne3 Ngf8 16. c3 g6 17. Qd3 Qe7 18. Rfd1 Nf6 19. a5 Rac8 20. Nc4 Nh5 21. Bh3 Rc7 22. Qd2 Qf6 23. Rf1 g5 24. Qd1 Ng7 25. Kh1 h5 26. f3 Ng6 27. Qb3 Qe7 28. Qb6 Rd8 29. Rad1 Ne8 30. Bf5 Qf6 31. Kg1 Kg7 32. Kh1 Ne7 33. f4 exf4 34. gxf4 Nxf5 35. fxg5 Qe7 36. Rde1 Nh4 37. e5 Kh8 38. Re3 Qxg5 39. Rg3 Qe7 40. Qb3 dxe5 41. Qd1 Ng7 42. Qd2 Nhf5 43. Rg5 Rxd5 44. Qg2 e4 45. Rg1 f6 46. Rxh5+ Kg8 47. Rh3 Qf7 48. Qxe4 Re7 49. Qf3 Nd6 50. Rhg3 Nde8 51. h3 Kf8 52. b3 Rf5 53. Qg4 Qd5+ 54. R3g2 Rg5 55. Qh4 Re2 56. Ne3 Rxe3 57. Kh2 Qe5+ 58. Kh1 Qxc3 0-1

[Event "Saint Louis SPICE Cup op 11th"]
[Site "Saint Louis"]
[Date "2017.10.21"]
[Round "1"]
[White "Black, James A"]
[Black "Liang, Awonder"]
[Result "0-1"]
[WhiteElo "2164"]
[BlackElo "2554"]
[PlyCount "70"]
[EventDate "2017.10.21"]
[EventType "swiss"]
[EventRounds "9"]
[EventCountry "USA"]
[SourceTitle "CBM 181 Extra"]
[Source "ChessBase"]
[SourceDate "2017.12.12"]
[SourceVersion "1"]
[SourceVersionDate "2017.12.12"]
[SourceQuality "1"]

1. c4 e5 2. g3 Nf6 3. Bg2 c6 4. d4 e4 5. Nc3 d5 6. cxd5 cxd5 7. Bg5 Nbd7 8. f3 Be7 9. fxe4 dxe4 10. e3 0-0 11. Nh3 Nb6 12. Bxf6 Bxf6 13. 0-0 Nc4 14. Nxe4 Nxe3 15. Nxf6+ gxf6 16. Qd3 Nxf1 17. Nf4 Bf5 18. Qxf5 Ne3 19. Qd3 Nxg2 20. Kxg2 Kh8 21. d5 Qd6 22. Ne2 Rfe8 23. Nc3 Qb6 24. Rf1 Re3 25. Qd2 Rae8 26. Rf4 R3e5 27. Rd4 a6 28. Rh4 Qe3 29. Qc2 f5 30. Rf4 b5 31. a3 a5 32. Rf3 Qe1 33. Kh3 b4 34. axb4 axb4 35. Na4 Qe4 0-1

[Event "USA-ch U16"]
[Site "Rockville"]
[Date "2013.07.22"]
[Round "5"]
[White "Li, Ruifeng"]
[Black "Black, James A"]
[Result "1-0"]
[WhiteElo "2212"]
[BlackElo "2187"]
[PlyCount "113"]
[EventDate "2013.07.20"]
[EventType "tourn"]
[EventRounds "7"]
[EventCountry "USA"]
[SourceTitle "EXT 2014"]
[Source "ChessBase"]
[SourceDate "2013.11.20"]
[SourceVersion "1"]
[SourceVersionDate "2013.11.20"]
[SourceQuality "1"]

1. e4 e6 2. d4 d5 3. Nc3 Bb4 4. e5 c5 5. a3 Bxc3+ 6. bxc3 Qa5 7. Bd2 Qa4 8. Qb1 c4 9. Be2 Nc6 10. Nh3 f6 11. f4 Nge7 12. Bh5+ Kd8 13. 0-0 Bd7 14. Nf2 Kc7 15. Nd1 Raf8 16. Nb2 Qa5 17. Qe1 Rhg8 18. a4 h6 19. Be2 Be8 20. Nd1 Bg6 21. Bg4 f5 22. Be2 Be8 23. Nf2 g5 24. Qc1 Nd8 25. fxg5 f4 26. Bxf4 Qxc3 27. Qd2 Qxd2 28. Bxd2 Nf5 29. c3 hxg5 30. Ng4 Bh5 31. Rae1 Bxg4 32. Bxg4 Nc6 33. Rf2 Nce7 34. Bc1 Kd7 35. Ref1 Rc8 36. Rf3 Rc6 37. Rh3 Rg7 38. Rh5 Rb6 39. Rxg5 Rh7 40. Bd1 Rb1 41. Bc2 Ra1 42. g4 Ra2 43. Bb1 Raxh2 44. gxf5 exf5 45. Bf4 R2h3 46. Rg3 Rh1+ 47. Kf2 R1h2+ 48. Rg2 R2h3 49. Bd2 Rf7 50. Rfg1 f4 51. Ke1 f3 52. Rf2 a6 53. Bc1 b5 54. axb5 axb5 55. Kd2 Nc6 56. Ba3 Rh4 57. Ke3 1-0

[Event "USA-ch U16"]
[Site "Rockville"]
[Date "2013.07.20"]
[Round "1"]
[White "Hua, David A"]
[Black "Black, James A"]
[Result "0-1"]
[WhiteElo "2229"]
[BlackElo "2187"]
[PlyCount "128"]
[EventDate "2013.07.20"]
[EventType "tourn"]
[EventRounds "7"]
[EventCountry "USA"]
[SourceTitle "EXT 2014"]
[Source "ChessBase"]
[SourceDate "2013.11.20"]
[SourceVersion "1"]
[SourceVersionDate "2013.11.20"]
[SourceQuality "1"]

1. d4 d5 2. c4 c6 3. Nf3 Nf6 4. Nc3 dxc4 5. a4 Bf5 6. Ne5 Nbd7 7. Nxc4 Nb6 8. Ne5 a5 9. f3 Nfd7 10. e4 Nxe5 11. dxe5 Qxd1+ 12. Kxd1 Be6 13. Kc2 g6 14. f4 f6 15. exf6 exf6 16. Be3 Nd7 17. Rd1 Nc5 18. Bxc5 Bxc5 19. Be2 Ke7 20. h4 Rhd8 21. h5 g5 22. f5 Bf7 23. e5 fxe5 24. Ne4 Be3 25. Rxd8 Rxd8 26. Rh3 Bf4 27. g3 Bd5 28. Bd3 Be3 29. g4 Bf4 30. Rh1 b5 31. Re1 bxa4 32. Nc5 h6 33. Ne6 Bxe6 34. fxe6 Kxe6 35. Bf5+ Ke7 36. Re4 Rd4 37. Rxd4 exd4 38. Kd3 Bc1 39. Kxd4 Bxb2+ 40. Kc4 Kd6 41. Bc2 a3 42. Kb3 Ke5 43. Bf5 c5 44. Bd7 Kd4 45. Kc2 Bc3 46. Kb3 Bb2 47. Kc2 c4 48. Bc8 Bc3 49. Kb1 Kc5 50. Ka2 Bb2 51. Kb1 Kb4 52. Bf5 Kb3 53. Bc2+ Kc3 54. Ba4 Kd2 55. Bc2 a2+ 56. Kxa2 Kc1 57. Bf5 a4 58. Bd3 c3 59. Bb1 Ba3 60. Bf5 Bb4 61. Bd7 Kd2 62. Bxa4 c2 63. Bxc2 Kxc2 64. Ka1 Kd3 0-1

[Event "North American op 22nd"]
[Site "Las Vegas"]
[Date "2012.12.30"]
[Round "9"]
[White "Black, James A"]
[Black "Cheng, Bindi"]
[Result "0-1"]
[WhiteElo "2163"]
[BlackElo "2397"]
[PlyCount "78"]
[EventDate "2012.12.26"]
[EventType "swiss"]
[EventRounds "9"]
[EventCountry "USA"]
[SourceTitle "CBM 152 Extra"]
[Source "ChessBase"]
[SourceDate "2013.02.25"]
[SourceVersion "1"]
[SourceVersionDate "2013.02.25"]
[SourceQuality "1"]

1. d4 Nf6 2. c4 g6 3. Nc3 d5 4. Bg5 Ne4 5. Bh4 c5 6. cxd5 Nxc3 7. bxc3 Qxd5 8. e3 Bg7 9. Qf3 Qd6 10. Bc4 0-0 11. Ne2 cxd4 12. exd4 Nc6 13. 0-0 Bd7 14. Rad1 Rac8 15. Bb3 Na5 16. Ng3 Qa3 17. Rb1 Bc6 18. Qe2 e6 19. Rfd1 Qd6 20. Nf1 Qf4 21. Bg3 Qe4 22. Ne3 Nxb3 23. f3 Bb5 24. Qxb5 Qxe3+ 25. Bf2 Qxc3 26. Rxb3 Qc2 27. Re1 b6 28. Ra3 Qd2 29. Qd3 Qxd3 30. Rxd3 Rc2 31. a3 Rd8 32. f4 Rd5 33. Rb1 Kf8 34. Kf1 Rf5 35. Rf3 Bh6 36. g3 g5 37. Rbb3 gxf4 38. gxf4 Rxf4 39. Rxf4 Bxf4 0-1

[Event "North American op 22nd"]
[Site "Las Vegas"]
[Date "2012.12.29"]
[Round "8"]
[White "Sevian, Samuel"]
[Black "Black, James A"]
[Result "0-1"]
[WhiteElo "2343"]
[BlackElo "2163"]
[PlyCount "108"]
[EventDate "2012.12.26"]
[EventType "swiss"]
[EventRounds "9"]
[EventCountry "USA"]
[SourceTitle "CBM 152 Extra"]
[Source "ChessBase"]
[SourceDate "2013.02.25"]
[SourceVersion "1"]
[SourceVersionDate "2013.02.25"]
[SourceQuality "1"]

1. e4 c6 2. d4 d5 3. Nc3 dxe4 4. Nxe4 Nd7 5. Ng5 Ngf6 6. Bd3 e6 7. N1f3 Bd6 8. Qe2 h6 9. Ne4 Nxe4 10. Qxe4 Qc7 11. Bd2 b6 12. 0-0-0 Bb7 13. Qe2 0-0-0 14. Rhe1 c5 15. Ba6 Bxa6 16. Qxa6+ Qb7 17. Qd3 Nf6 18. dxc5 Bxc5 19. Qe2 Rhe8 20. Bc3 Rxd1+ 21. Rxd1 Rd8 22. Rxd8+ Kxd8 23. Bxf6+ gxf6 24. c3 Qd5 25. b4 Bd6 26. Kb2 f5 27. Qa6 Bb8 28. a4 Ke7 29. h4 Qe4 30. h5 Kf6 31. Qb5 Qg4 32. Qf1 Qxh5 33. Nd4 Qh4 34. Nc6 Bd6 35. Qe2 a5 36. Qd2 Qh2 37. bxa5 bxa5 38. Nxa5 Bf4 39. Qd4+ Be5 40. Qd8+ Kg7 41. Nc4 Bf6 42. Qd6 Qg1 43. Qg3+ Kf8 44. a5 Qf1 45. Nd2 Qb5+ 46. Nb3 Qe2+ 47. Ka3 Be7+ 48. Nc5 Bxc5+ 49. Kb3 Qb5+ 50. Kc2 Qxa5 51. Qb8+ Kg7 52. Qe5+ Kh7 53. Qf6 Qc7 54. f4 Bf8 0-1

[Event "North American op 22nd"]
[Site "Las Vegas"]
[Date "2012.12.26"]
[Round "2"]
[White "Black, James A"]
[Black "Zenyuk, Iryna"]
[Result "1/2-1/2"]
[WhiteElo "2163"]
[BlackElo "2250"]
[PlyCount "64"]
[EventDate "2012.12.26"]
[EventType "swiss"]
[EventRounds "9"]
[EventCountry "USA"]
[SourceTitle "CBM 152 Extra"]
[Source "ChessBase"]
[SourceDate "2013.02.25"]
[SourceVersion "1"]
[SourceVersionDate "2013.02.25"]
[SourceQuality "1"]

1. d4 Nf6 2. c4 g6 3. Nc3 Bg7 4. e4 d6 5. Nge2 0-0 6. f3 c5 7. d5 e6 8. Ng3 exd5 9. cxd5 a6 10. a4 Nbd7 11. Be2 h5 12. Bg5 Qb6 13. Qd2 Nh7 14. Bh4 c4 15. Bxc4 Nc5 16. Nge2 f5 17. Bf2 Qb4 18. Ba2 fxe4 19. Bxc5 Qxc5 20. Nxe4 Qb6 21. a5 Qxb2 22. Qxb2 Bxb2 23. Rb1 Be5 24. Rb6 Bf5 25. Nxd6 Bxd6 26. Rxd6 Rac8 27. Bb3 Rc5 28. Kd2 Rxa5 29. Nd4 Rf6 30. Rd8+ Rf8 31. Rd6 Rf6 32. Rd8+ Rf8 1/2-1/2

[Event "Chicago op 21st"]
[Site "Wheeling"]
[Date "2012.05.26"]
[Round "4"]
[White "Adams, Michael"]
[Black "Black, James A"]
[Result "1-0"]
[WhiteElo "2728"]
[BlackElo "2201"]
[PlyCount "79"]
[EventDate "2012.05.24"]
[EventType "swiss"]
[EventRounds "9"]
[EventCountry "USA"]
[SourceTitle "CBM 148 Extra"]
[Source "ChessBase"]
[SourceDate "2012.06.22"]
[SourceVersion "1"]
[SourceVersionDate "2012.06.22"]
[SourceQuality "1"]

1. c4 c6 2. e4 d5 3. exd5 Nf6 4. Nc3 cxd5 5. d4 e6 6. Nf3 Bb4 7. cxd5 Nxd5 8. Qc2 Nc6 9. Bc4 0-0 10. 0-0 h6 11. Rd1 Re8 12. Bd2 Bf8 13. Rac1 Nb6 14. Be2 Bd7 15. Qe4 g6 16. Be3 Bg7 17. h4 Nb4 18. Ne5 Bc6 19. Qf4 Qe7 20. Qg3 N4d5 21. Bd2 Rad8 22. Ne4 Qc7 23. Bb5 Nd7 24. Nxc6 Qxg3 25. Nxg3 bxc6 26. Bxc6 Bxd4 27. b4 Bg7 28. b5 Re7 29. Bxd5 exd5 30. Rc7 Bf6 31. Bb4 Ree8 32. Rxd5 Ne5 33. Ne4 Bxh4 34. Rxd8 Rxd8 35. g3 Rd1+ 36. Kg2 Rd4 37. Bc3 Rxe4 38. gxh4 f6 39. Rxa7 Rxh4 40. b6 1-0

[Event "Chicago op 21st"]
[Site "Wheeling"]
[Date "2012.05.24"]
[Round "1"]
[White "Black, James A"]
[Black "Holt, Conrad"]
[Result "0-1"]
[WhiteElo "2201"]
[BlackElo "2515"]
[PlyCount "112"]
[EventDate "2012.05.24"]
[EventType "swiss"]
[EventRounds "9"]
[EventCountry "USA"]
[SourceTitle "CBM 148 Extra"]
[Source "ChessBase"]
[SourceDate "2012.06.22"]
[SourceVersion "1"]
[SourceVersionDate "2012.06.22"]
[SourceQuality "1"]

1. d4 d5 2. c4 c6 3. Nc3 dxc4 4. e4 b5 5. a4 b4 6. Nce2 Ba6 7. Nf3 e6 8. Ng3 c5 9. Be2 cxd4 10. Nxd4 Nf6 11. e5 Nd5 12. 0-0 Be7 13. f4 0-0 14. f5 Bc5 15. Kh1 Bxd4 16. Qxd4 Nc6 17. Qe4 Qc7 18. Bxc4 Bxc4 19. Qxc4 Rac8 20. Re1 Nce7 21. Qe4 Qc4 22. f6 gxf6 23. exf6 Nxf6 24. Qf3 Qh4 25. Re5 Ng6 26. Bg5 Nxe5 27. Qxf6 Ng4 28. Bxh4 Nxf6 29. Bxf6 Rc2 30. Rf1 Rfc8 31. Rf3 R8c5 32. h3 Rd5 33. h4 Kf8 34. Ne4 Re2 35. Ng3 Rc2 36. h5 Rd1+ 37. Nf1 Rc5 38. g4 Rc4 39. g5 Ke8 40. Kg2 Kd7 41. Ne3 Rd2+ 42. Kg3 Re4 43. Ng4 Rd5 44. Re3 Rxe3+ 45. Nxe3 Rc5 46. Bd4 Rxg5+ 47. Kh4 Ra5 48. Ng4 Rxa4 49. Nf6+ Ke7 50. Nxh7 b3 51. Kg5 Rxd4 52. Nf6 Rd2 53. h6 Rg2+ 54. Ng4 f5 55. h7 Rxg4+ 56. Kh6 Rh4+ 0-1

[Event "Philadelphia op 6th"]
[Site "Philadelphia"]
[Date "2012.04.04"]
[Round "1"]
[White "Black, James A"]
[Black "Panchanathan, Magesh Chandran"]
[Result "0-1"]
[WhiteElo "2190"]
[BlackElo "2557"]
[PlyCount "114"]
[EventDate "2012.04.04"]
[EventType "swiss"]
[EventRounds "9"]
[EventCountry "USA"]
[SourceTitle "CBM 147 Extra"]
[Source "ChessBase"]
[SourceDate "2012.04.24"]
[SourceVersion "1"]
[SourceVersionDate "2012.04.24"]
[SourceQuality "1"]

1. d4 Nf6 2. c4 e6 3. Nc3 Bb4 4. f3 d5 5. a3 Bxc3+ 6. bxc3 c5 7. cxd5 Nxd5 8. dxc5 Qa5 9. e4 Ne7 10. Be3 0-0 11. Qb3 Nd7 12. Bb5 Qc7 13. Bxd7 Bxd7 14. Ne2 Nc6 15. 0-0 Na5 16. Qb4 e5 17. Rfd1 Be6 18. Nd4 exd4 19. cxd4 Nc6 20. Qb2 Bd7 21. d5 Nd8 22. Rac1 Re8 23. Bf2 f6 24. Qb4 Qf4 25. Bg3 Qe3+ 26. Bf2 Qg5 27. Bg3 h5 28. Qe1 Rc8 29. Qf2 Ba4 30. Re1 Nf7 31. f4 Qg4 32. h3 Qd7 33. Qf3 b6 34. c6 Bxc6 35. dxc6 Rxc6 36. Rcd1 Rd6 37. Rxd6 Qxd6 38. e5 fxe5 39. fxe5 Qg6 40. Kh2 Ng5 41. Qb7 Qf7 42. Qc6 Qe6 43. Qb7 Qf7 44. Qc6 Kh7 45. h4 Ne6 46. Rf1 Qg6 47. Rd1 Nc5 48. Rd6 Re6 49. Qf3 Qg4 50. Qxg4 hxg4 51. Rd4 Rg6 52. Kg1 b5 53. Bf2 g3 54. Be3 Ra6 55. Rd1 Ne4 56. Bc1 Rc6 57. Kf1 Nf2 0-1

[Event "USA tt"]
[Site "ICC INT"]
[Date "2011.09.21"]
[Round "4"]
[White "Wu, Christopher"]
[Black "Black, James A"]
[Result "1-0"]
[WhiteElo "2059"]
[BlackElo "2132"]
[PlyCount "61"]
[EventDate "2011.08.29"]
[EventType "team-tourn"]
[EventRounds "10"]
[EventCountry "USA"]
[SourceTitle "CBM 144 Extra"]
[Source "ChessBase"]
[SourceDate "2011.10.28"]
[SourceVersion "1"]
[SourceVersionDate "2011.10.28"]
[SourceQuality "1"]
[WhiteTeam "New Jersey"]
[BlackTeam "Manhattan Applesauce"]
[WhiteTeamCountry "USA"]
[BlackTeamCountry "USA"]

1. e4 c5 2. Nf3 e6 3. d4 cxd4 4. Nxd4 a6 5. Nc3 Qc7 6. g3 Bb4 7. Bd2 Nf6 8. Bg2 Nc6 9. Nb3 Be7 10. 0-0 0-0 11. f4 d6 12. g4 Re8 13. g5 Nd7 14. Qh5 Bf8 15. Rf3 g6 16. Qh4 Bg7 17. Rh3 Nf8 18. Rf1 Ne7 19. Nd1 b5 20. Ne3 Kh8 21. Ng4 a5 22. Bc3 e5 23. fxe5 Bxg4 24. Qxg4 dxe5 25. Rxf7 Qc4 26. Qf3 Ne6 27. Bxe5 Nxg5 28. Rxg7 Nxf3+ 29. Bxf3 h5 30. Rxg6+ Kh7 31. Rg7+ 1-0

[Event "USA tt"]
[Site "ICC INT"]
[Date "2010.10.18"]
[Round "9"]
[White "Black, James A"]
[Black "Shahade, Michael"]
[Result "0-1"]
[WhiteElo "1963"]
[BlackElo "2266"]
[PlyCount "120"]
[EventDate "2010.08.23"]
[EventType "team"]
[EventRounds "10"]
[EventCountry "USA"]
[SourceTitle "CBM 138 Extra"]
[Source "ChessBase"]
[SourceDate "2010.10.29"]
[SourceVersion "1"]
[SourceVersionDate "2010.10.29"]
[SourceQuality "1"]

1. d4 Nf6 2. c4 e6 3. Nc3 Bb4 4. f3 d5 5. a3 Be7 6. e4 dxe4 7. fxe4 e5 8. d5 Bc5 9. Nf3 Bg4 10. Be2 Nbd7 11. Bg5 h6 12. Bh4 a5 13. Qd2 a4 14. 0-0-0 Bxf3 15. Bxf3 Bd4 16. Rde1 Nc5 17. Bd1 Bxc3 18. Qxc3 Qd6 19. Bc2 Nfd7 20. Rhf1 f6 21. Bf2 Ke7 22. h4 Rhb8 23. Re2 b5 24. cxb5 Rxb5 25. Qg3 Kf8 26. Be1 Nb3+ 27. Bxb3 Rxb3 28. Bc3 Ra5 29. Rc2 Rab5 30. Qf2 Nc5 31. Qe2 Kg8 32. Rd1 Rxa3 33. bxa3 Nb3+ 34. Kb2 Nd4+ 35. Qxb5 Nxb5 36. Bb4 Qd7 37. Rc5 Nd6 38. Re1 Ne8 39. Re3 Qg4 40. g3 Qd1 41. Rc1 Qd4+ 42. Rcc3 g5 43. hxg5 hxg5 44. Kc2 Qb6 45. Rf3 Qb5 46. Rfd3 Qd7 47. Ba5 Qg4 48. Rd2 Qxe4+ 49. Kb2 Nd6 50. Bxc7 Nc4+ 51. Rxc4 Qxc4 52. d6 Qb3+ 53. Kc1 Qxa3+ 54. Kd1 Qb3+ 55. Ke2 Qb5+ 56. Ke3 Qd7 57. Ke4 Kf7 58. Rh2 Ke6 59. Rh8 a3 60. Rh2 Qa4+ 0-1

[Event "Continental Class-ch"]
[Site "Arlington"]
[Date "2010.10.11"]
[Round "9"]
[White "Black, James A"]
[Black "Adu, Oladapo"]
[Result "0-1"]
[WhiteElo "1963"]
[BlackElo "2237"]
[PlyCount "40"]
[EventDate "2010.10.07"]
[EventType "swiss"]
[EventRounds "9"]
[EventCountry "USA"]
[SourceTitle "CBM 138 Extra"]
[Source "ChessBase"]
[SourceDate "2010.10.29"]
[SourceVersion "1"]
[SourceVersionDate "2010.10.29"]
[SourceQuality "1"]

1. d4 Nf6 2. c4 e6 3. Nc3 c5 4. d5 exd5 5. cxd5 Bd6 6. g3 0-0 7. Bg2 Bc7 8. Nf3 d6 9. 0-0 Ba5 10. Nd2 Re8 11. Nc4 Bxc3 12. bxc3 b5 13. Nd2 Qa5 14. Qc2 Rxe2 15. Bb2 Nbd7 16. Bf3 Re8 17. Rfd1 Ne5 18. Bg2 Bg4 19. Re1 c4 20. Bf1 Nf3+ 0-1